"SCHOLARS' QUESTION BANK-HINDI,MARATHI,HIS.&CIVICS GEO.& ECONOMICS " (Record no. 108928)

MARC details
000 -LEADER
fixed length control field 00600nam a2200181Ia 4500
008 - FIXED-LENGTH DATA ELEMENTS--GENERAL INFORMATION
fixed length control field 090124s9999 xx 000 0 und d
082 ## - DEWEY DECIMAL CLASSIFICATION NUMBER
Item number 42711
100 ## - MAIN ENTRY--PERSONAL NAME
Personal name MAHESHWARI OMPRAKASH
245 ## - TITLE STATEMENT
Title "SCHOLARS' QUESTION BANK-HINDI,MARATHI,HIS.&CIVICS GEO.& ECONOMICS "
250 ## - EDITION STATEMENT
Edition statement 17
260 ## - PUBLICATION, DISTRIBUTION, ETC. (IMPRINT)
Name of publisher, distributor, etc SCHOLARS' ACADEMY
Date of publication, distribution, etc 2003
300 ## - PHYSICAL DESCRIPTION
Extent 337+4
600 ## - SUBJECT ADDED ENTRY--PERSONAL NAME
Personal name MAHESHWARI OMPRAKASH
630 ## - SUBJECT ADDED ENTRY--UNIFORM TITLE
Uniform title "SCHOLARS' QUESTION BANK-HINDI,MARATHI,HIS.&CIVICS GEO.& ECONOMICS "
700 ## - ADDED ENTRY--PERSONAL NAME
Personal name MAHESHWARI OMPRAKASH
730 ## - ADDED ENTRY--UNIFORM TITLE
Uniform title "SCHOLARS' QUESTION BANK-HINDI,MARATHI,HIS.&CIVICS GEO.& ECONOMICS "
942 ## - ADDED ENTRY ELEMENTS (KOHA)
Koha item type Book
Holdings
Withdrawn status Lost status Damaged status Not for loan Home library Current library Date acquired Cost, normal purchase price Total Checkouts Full call number Barcode Date last seen Cost, replacement price Price effective from Koha item type
        Nagar Wachan Mandir, Thane Nagar Wachan Mandir, Thane   0.00   42711 THNNWM-42711 01/24/2009 0.00 01/24/2009 Book